[Event "Alekhine CC op"]
[Site "Montreal CAN"]
[Date "1969.08.09"]
[Round "3"]
[White "L'Heureux, L."]
[Black "Brodie, Hugh"]
[Result "1-0"]
[WhiteElo "1700"]
[BlackElo "1700"]
[PlyCount "91"]
[EventDate "1969.08.08"]
[EventType "swiss"]
[EventRounds "5"]
[EventCountry "CAN"]

1. d4 d5 2. c4 c6 3. Nc3 Nf6 4. e3 e6 5. Nf3 dxc4 6. Bxc4 b5 7. Bd3 a6 8. O-O
Bb7 9. e4 c5 10. Bg5 cxd4 11. Nxd4 Nc6 12. Nxc6 Bxc6 13. e5 h6 14. Bxf6 gxf6
15. Qe2 f5 16. Rad1 Qg5 17. f3 Bc5+ 18. Kh1 O-O-O 19. Nxb5 Rxd3 20. Rxd3 Bxb5
21. Qc2 Bxd3 22. Qxc5+ Kb7 23. Rc1 Qd8 24. Qc6+ Kb8 25. a4 Qd5 26. Qb6+ Qb7 27.
Qd6+ Ka8 28. Qxd3 Rc8 29. Rxc8+ Qxc8 30. Qd2 h5 31. g3 Qc6 32. Qd8+ Ka7 33.
Qe7+ Ka8 34. Qf8+ Ka7 35. Qxf7+ Kb6 36. Kg2 Qc4 37. Qxh5 Qe2+ 38. Kh3 Qxe5 39.
Qe8 Qf6 40. Qb8+ Kc6 41. Qb4 Qd8 42. a5 Qf6 43. Qc3+ Qxc3 44. bxc3 Kb5 45. Kg2
Kxa5 46. h4 1-0

[Event "Alekhine CC op"]
[Site "Montreal CAN"]
[Date "1969.08.10"]
[Round "4"]
[White "Guenette, Roch"]
[Black "Brodie, Hugh"]
[Result "0-1"]
[WhiteElo "1600"]
[BlackElo "1700"]
[PlyCount "84"]
[EventDate "1969.08.08"]
[EventType "swiss"]
[EventRounds "5"]
[EventCountry "CAN"]

1. f4 d5 2. Nf3 g6 3. e3 Bg7 4. c4 c6 5. Nc3 Bg4 6. Be2 Bxf3 7. Bxf3 e6 8. cxd5
cxd5 9. Qb3 Qd7 10. d3 Nc6 11. O-O Nge7 12. Bd2 O-O 13. Rad1 Rfd8 14. Be1 d4
15. e4 dxc3 16. bxc3 Qc7 17. Bf2 Qxf4 18. Rfe1 Qc7 19. Bg3 Qb6+ 20. Bf2 Qxb3
21. axb3 Bxc3 22. Re2 Bd4 23. Bxd4 Nxd4 24. Rb2 Nxf3+ 25. gxf3 Rd4 26. b4 Rc8
27. b5 Rc3 28. Ra2 Rb4 29. Ra5 Nc8 30. Kg2 b6 31. Raa1 Rxb5 32. h4 h5 33. d4
Rb2+ 34. Kg3 Rbb3 35. Rf1 a5 36. Rad1 Ne7 37. d5 exd5 38. exd5 Nf5+ 39. Kh3 Ne3
40. d6 Nxd1 41. Rxd1 Rxf3+ 42. Kg2 Rfd3 0-1

[Event "Alekhine CC op"]
[Site "Montreal CAN"]
[Date "1969.08.10"]
[Round "5"]
[White "Brodie, Hugh"]
[Black "Germain, Julien"]
[Result "1-0"]
[WhiteElo "1700"]
[BlackElo "1500"]
[PlyCount "25"]
[EventDate "1969.08.08"]
[EventType "swiss"]
[EventRounds "5"]
[EventCountry "CAN"]

1. e4 e5 2. Nc3 Nc6 3. Bc4 Bc5 4. Qg4 Qf6 5. Nd5 Qxf2+ 6. Kd1 Kf8 7. Nh3 Qd4 8.
d3 Bb4 9. c3 Bxc3 10. Be3 d6 11. Qf3 Nf6 12. Bxd4 Bg4 13. Bxc3 1-0

[Event "Tournois de l'est"]
[Site "Quebec CAN"]
[Date "1969.06.07"]
[Round "1"]
[White "Labelle, Jacques"]
[Black "Brodie, Hugh"]
[Result "1-0"]
[WhiteElo "2100"]
[BlackElo "1700"]
[PlyCount "61"]
[EventDate "1969.06.07"]
[EventType "swiss"]
[EventRounds "5"]
[EventCountry "CAN"]

1. d4 Nf6 2. c4 c5 3. d5 e6 4. Nc3 exd5 5. cxd5 d6 6. g3 g6 7. Bg2 Bg7 8. Nf3
O-O 9. O-O Na6 10. Nd2 Nc7 11. a4 b6 12. e4 Nfe8 13. f4 f5 14. Re1 fxe4 15.
Ndxe4 Nf6 16. Ng5 Rb8 17. h3 Re8 18. Be3 h6 19. Nf3 Bb7 20. Nh4 Kh7 21. Qd3 Qd7
22. Qxg6+ Kh8 23. Rad1 Rbd8 24. Nf5 Bc8 25. Nxh6 Re7 26. f5 Rde8 27. Bf2 Rxe1+
28. Bxe1 Qe7 29. Bd2 Qd7 30. g4 Re7 31. g5 1-0

[Event "Tournois de l'est"]
[Site "Quebec CAN"]
[Date "1969.06.07"]
[Round "2"]
[White "Brodie, Hugh"]
[Black "Boivin, Michel"]
[Result "1-0"]
[WhiteElo "1700"]
[BlackElo "1600"]
[PlyCount "79"]
[EventDate "1969.06.07"]
[EventType "swiss"]
[EventRounds "5"]
[EventCountry "CAN"]

1. e4 c5 2. d4 cxd4 3. c3 Nc6 4. cxd4 e6 5. Nc3 Bb4 6. Nf3 Nge7 7. Bf4 d5 8. e5
Qb6 9. a3 Bxc3+ 10. bxc3 O-O 11. Bd3 Ng6 12. Be3 f5 13. Ng5 h6 14. Nh3 Qb2 15.
Bd2 a6 16. O-O Qb6 17. Qh5 Nce7 18. g4 Kf7 19. Nf4 Qc6 20. Nxg6 Nxg6 21. Kh1
Qe8 22. Rg1 Ke7 23. gxf5 Nh8 24. Rxg7+ Nf7 25. f6+ Kd8 26. Bg6 Qb5 27. Rxf7
Rxf7 28. Bxf7 Qb2 29. Rd1 Bd7 30. Qxh6 Qc2 31. Qf8+ Kc7 32. Qd6+ Kc8 33. Bh5
Qe4+ 34. Kg1 Qh4 35. f7 b5 36. f8=Q+ Kb7 37. Qxd7+ Kb6 38. Qc5+ Ka5 39. Qdc7+
Ka4 40. Qb4# 1-0

[Event "Tournois de l'est"]
[Site "Quebec CAN"]
[Date "1969.06.07"]
[Round "3"]
[White "Brodie, Hugh"]
[Black "Faille, Jacques"]
[Result "1-0"]
[WhiteElo "1700"]
[BlackElo "1800"]
[PlyCount "45"]
[EventDate "1969.06.07"]
[EventType "swiss"]
[EventRounds "5"]
[EventCountry "CAN"]

1. e4 c5 2. Nc3 Nc6 3. g3 g6 4. Bg2 Bg7 5. d3 e5 6. f4 d6 7. Nh3 Nge7 8. O-O
O-O 9. f5 gxf5 10. exf5 Bxf5 11. Rxf5 Nxf5 12. Be4 Nh6 13. Qh5 f5 14. Bd5+ Kh8
15. Bxh6 Bxh6 16. Qxh6 Qf6 17. Qh5 Ne7 18. Bc4 Rab8 19. a4 a6 20. a5 Qg7 21.
Ng5 Rf6 22. Nf7+ Rxf7 23. Qxf7 1-0

[Event "Tournois de l'est"]
[Site "Quebec CAN"]
[Date "1969.06.08"]
[Round "4"]
[White "Williams, Leo"]
[Black "Brodie, Hugh"]
[Result "1-0"]
[WhiteElo "1800"]
[BlackElo "1700"]
[PlyCount "85"]
[EventDate "1969.06.07"]
[EventType "swiss"]
[EventRounds "5"]
[EventCountry "CAN"]

1. c4 c6 2. Nf3 d5 3. d4 Nf6 4. Nc3 dxc4 5. a4 Bf5 6. e3 e6 7. Bxc4 Bb4 8. O-O
O-O 9. Nh4 Nbd7 10. f3 Bg6 11. e4 e5 12. dxe5 Nxe5 13. Be2 Qb6+ 14. Kh1 Rad8
15. Qc2 Rd7 16. Bf4 Qc5 17. Rad1 Rfd8 18. Rxd7 Rxd7 19. Rc1 Qe7 20. Be3 b6 21.
g3 Bc5 22. Ng2 h6 23. Nd1 Bxe3 24. Ngxe3 c5 25. Nf2 Nc6 26. Rd1 Nd4 27. Qc4
Nxe2 28. Qxe2 Rxd1+ 29. Nfxd1 Qd7 30. Nc3 Ne8 31. Ned5 Nc7 32. Qc4 Ne6 33. Ne2
Ng5 34. Nef4 Nxf3 35. Nxg6 Qh3 36. Qe2 Nd4 37. Nge7+ Kh7 38. Qf2 Qe6 39. Qf4 c4
40. Nf5 g5 41. Nxd4 gxf4 42. Nxe6 fxe6 43. Nxf4 1-0

[Event "Tournois de l'est"]
[Site "Quebec CAN"]
[Date "1969.06.08"]
[Round "5"]
[White "Brodie, Hugh"]
[Black "Gersho, Jack"]
[Result "0-1"]
[WhiteElo "1700"]
[BlackElo "1800"]
[PlyCount "82"]
[EventDate "1969.06.07"]
[EventType "swiss"]
[EventRounds "5"]
[EventCountry "CAN"]

1. e4 e6 2. d3 c5 3. Nc3 d5 4. exd5 exd5 5. g3 Nf6 6. Bg2 Nc6 7. Bf4 Nd4 8.
Nge2 Ne6 9. Bd2 h5 10. Nf4 Nxf4 11. Bxf4 Bg4 12. Qd2 Qe7+ 13. Ne2 h4 14. h3
Qxe2+ 15. Qxe2+ Bxe2 16. Kxe2 hxg3 17. fxg3 O-O-O 18. Kd2 Bd6 19. Bxd6 Rxd6 20.
Rae1 Re6 21. Rxe6 fxe6 22. g4 g5 23. Rf1 Rf8 24. a3 Kc7 25. b4 b6 26. c3 Kd6
27. a4 Nd7 28. Ke2 Rxf1 29. Bxf1 Ke5 30. Ke3 d4+ 31. cxd4+ cxd4+ 32. Kf3 a5 33.
bxa5 bxa5 34. Kg3 Nc5 35. h4 Nxa4 36. hxg5 Nc3 37. Kh4 Nd5 38. Kh5 a4 39. g6 a3
40. g7 a2 41. Kh6 Ne7 0-1

[Event "Ontario op"]
[Site "Ottawa CAN"]
[Date "1969.05.17"]
[Round "1"]
[White "Chyurlia, Jerome"]
[Black "Brodie, Hugh"]
[Result "1-0"]
[WhiteElo "1600"]
[BlackElo "1700"]
[PlyCount "133"]
[EventDate "1969.05.17"]
[EventType "swiss"]
[EventRounds "6"]
[EventCountry "CAN"]

1. e4 c6 2. d4 d5 3. Nc3 dxe4 4. Nxe4 Bf5 5. Ng3 Bg6 6. Nf3 Nd7 7. Be2 e6 8.
O-O Qc7 9. Re1 Ngf6 10. Bd3 Bxd3 11. Qxd3 O-O-O 12. Be3 Nd5 13. a3 N7f6 14. c4
Nf4 15. Qd2 Ng6 16. c5 Bxc5 17. b4 Bd6 18. Qb2 Bf4 19. b5 Rd5 20. bxc6 bxc6 21.
Rac1 Kd7 22. Bxf4 Nxf4 23. Ne5+ Rxe5 24. dxe5 N6d5 25. Qd4 Rb8 26. Ne4 Rb6 27.
Nc5+ Ke7 28. g3 Ng6 29. Rb1 Qb8 30. Rxb6 Qxb6 31. Rd1 Nxe5 32. Qxe5 Qxc5 33.
Qg5+ Ke8 34. Rb1 Qd6 35. Qxg7 Nb6 36. Qxh7 Qxa3 37. Qc2 Qf3 38. Rd1 c5 39. Ra1
c4 40. Rxa7 Qd3 41. Qb2 Qd1+ 42. Kg2 Qd5+ 43. f3 Nd7 44. Qh8+ Ke7 45. Qh4+ Ke8
46. Rc7 Qa8 47. Qxc4 Ke7 48. h4 Qa3 49. g4 Qb2+ 50. Qc2 Qxc2+ 51. Rxc2 Kf6 52.
Kg3 Kg6 53. h5+ Kg7 54. g5 Nf8 55. Kg4 Nh7 56. f4 Nf8 57. f5 exf5+ 58. Kxf5 Nh7
59. Rc8 Nf8 60. h6+ Kg8 61. Rc7 Nh7 62. Rc8+ Nf8 63. Kf6 Kh7 64. Kxf7 Ng6 65.
Rc7 Nh8+ 66. Kf6+ Kg8 67. g6 1-0

[Event "Ontario op"]
[Site "Ottawa CAN"]
[Date "1969.05.17"]
[Round "2"]
[White "Brodie, Hugh"]
[Black "Normora, C."]
[Result "1-0"]
[WhiteElo "1700"]
[BlackElo "1700"]
[PlyCount "119"]
[EventDate "1969.05.17"]
[EventType "swiss"]
[EventRounds "6"]
[EventCountry "CAN"]

1. e4 c5 2. Nc3 e6 3. g3 d5 4. exd5 exd5 5. d4 cxd4 6. Qxd4 Nf6 7. Bg2 Nc6 8.
Qd1 Be6 9. Nf3 Bb4 10. O-O O-O 11. Ne2 Re8 12. c3 Be7 13. Ned4 Nxd4 14. Nxd4
Bg4 15. Qb3 Qd7 16. Re1 Bh3 17. Bd2 Bxg2 18. Kxg2 Ne4 19. Rad1 Rac8 20. f3 Nc5
21. Qc2 b5 22. Re2 Na4 23. Rde1 b4 24. Rxe7 Rxe7 25. Rxe7 Qxe7 26. Qxa4 bxc3
27. Bxc3 h6 28. Qb5 Rc5 29. Qb8+ Kh7 30. Bb4 Qc7 31. Qxc7 Rxc7 32. Kf2 Rc1 33.
Bc3 Kg6 34. Ne2 Rd1 35. Nf4+ Kh7 36. Ke2 Rh1 37. h4 g5 38. hxg5 hxg5 39. Nxd5
f5 40. Ne7 Rh2+ 41. Ke3 g4 42. Nxf5 gxf3 43. Kxf3 Kg6 44. Nh4+ Kg5 45. Ng2 Rh1
46. Bd2+ Kf6 47. Ne3 Rh6 48. g4 Rh2 49. Bc3+ Kg5 50. Nf1 Rh3+ 51. Kg2 Rd3 52.
Nh2 Kf4 53. Kf2 Rh3 54. Bd2+ Ke4 55. Kg2 Rh7 56. Kg3 Kd3 57. Bc3 Kc2 58. Nf3 a5
59. g5 a4 60. g6 1-0

[Event "Ontario op"]
[Site "Ottawa CAN"]
[Date "1969.05.18"]
[Round "3"]
[White "Brodie, Hugh"]
[Black "Posner, Harry"]
[Result "0-1"]
[WhiteElo "1700"]
[BlackElo "1800"]
[PlyCount "98"]
[EventDate "1969.05.17"]
[EventType "swiss"]
[EventRounds "6"]
[EventCountry "CAN"]

1. e4 c5 2. Nc3 Nc6 3. g3 g6 4. Bg2 Bg7 5. d3 d6 6. f4 Nh6 7. Nf3 O-O 8. O-O f5
9. Ne2 Qc7 10. c3 b5 11. Ng5 c4 12. dxc4 Qb6+ 13. Kh1 Kh8 14. cxb5 Qxb5 15. h3
fxe4 16. Bxe4 Bb7 17. Ne6 Nd8 18. Nxg7 Bxe4+ 19. Kh2 Bd3 20. Nd4 Qc4 21. Rf3
Be4 22. Re3 d5 23. Nge6 Nxe6 24. Nxe6 Rf6 25. Ng5 Nf5 26. Re1 Nd6 27. Be3 Kg8
28. Bd4 Rf5 29. Qd2 h6 30. Ne6 a5 31. Qe2 Qc8 32. Nc5 h5 33. Rf1 Qb8 34. Nd7
Qe8 35. Ne5 Rb8 36. Rf2 Kh7 37. g4 Rf8 38. gxh5 gxh5 39. Nd7 Kh6 40. Nxf8 Qxf8
41. Rg1 Nf5 42. Rg5 Qf7 43. Be5 Rb6 44. c4 Re6 45. Rf1 Rxe5 46. fxe5 Kxg5 47.
cxd5 Qxd5 48. Rg1+ Kh6 49. Qa6+ e6 0-1

[Event "Ontario op"]
[Site "Ottawa CAN"]
[Date "1969.05.18"]
[Round "4"]
[White "Matynia, A."]
[Black "Brodie, Hugh"]
[Result "1-0"]
[WhiteElo "1800"]
[BlackElo "1700"]
[PlyCount "98"]
[EventDate "1969.05.17"]
[EventType "swiss"]
[EventRounds "6"]
[EventCountry "CAN"]

1. b3 b5 2. Bb2 Bb7 3. Nf3 Nf6 4. g3 c5 5. Bg2 g6 6. Nc3 a6 7. e3 Bg7 8. Ne2
O-O 9. O-O d6 10. a4 b4 11. d3 a5 12. e4 Nbd7 13. Nf4 Rc8 14. Nd2 Nb6 15. Bh3
Ra8 16. Nc4 Nxc4 17. bxc4 e6 18. Rb1 d5 19. Bxe6 d4 20. Bd5 Qd7 21. Bxb7 Qxb7
22. c3 Qd7 23. cxd4 cxd4 24. Ra1 g5 25. Nd5 Qh3 26. Qf3 Ng4 27. Qg2 Qxg2+ 28.
Kxg2 Ra7 29. h3 Nh6 30. g4 Kh8 31. f4 gxf4 32. Rxf4 Be5 33. Raf1 Kg7 34. Kf3
Ng8 35. g5 Ne7 36. Kg4 Nc6 37. Rf5 Bb8 38. h4 h5+ 39. Kxh5 Ne5 40. Rxe5 Bxe5
41. Rf5 Re8 42. Rxe5 Rxe5 43. Bxd4 Rb7 44. Bxe5+ Kf8 45. Nc7 b3 46. Bd6+ Kg7
47. Nb5 Kg8 48. Ba3 Rb6 49. e5 Rc6 1-0

[Event "Ontario op"]
[Site "Ottawa CAN"]
[Date "1969.05.19"]
[Round "5"]
[White "Brodie, Hugh"]
[Black "Byrne, Michael TA"]
[Result "0-1"]
[WhiteElo "1700"]
[BlackElo "1700"]
[PlyCount "70"]
[EventDate "1969.05.17"]
[EventType "swiss"]
[EventRounds "6"]
[EventCountry "CAN"]

1. b4 e6 2. a3 c5 3. bxc5 Bxc5 4. e3 d5 5. Nf3 Nc6 6. d4 Bd6 7. c4 dxc4 8. Bxc4
a6 9. Bb2 Nf6 10. O-O b5 11. Bd3 Bb7 12. Nbd2 Rc8 13. Ne4 Nxe4 14. Bxe4 Qe7 15.
Qe2 Na5 16. Bxb7 Qxb7 17. Rfc1 Nc4 18. Rc2 O-O 19. a4 Nxb2 20. Rxb2 b4 21. Qd1
Rc3 22. Rc1 Rfc8 23. Rbc2 Qe4 24. Rxc3 bxc3 25. Qe2 Qc6 26. Qc2 Rb8 27. Ng5 h6
28. Ne4 Ba3 29. Ra1 Rb2 30. Qd3 c2 31. Rc1 Rb3 32. Qxb3 Bxc1 33. Nc5 Bxe3 34.
Qxe3 Qb6 35. Nb3 Qxb3 0-1

[Event "Ontario op"]
[Site "Ottawa CAN"]
[Date "1969.05.19"]
[Round "6"]
[White "Wall, Brian"]
[Black "Brodie, Hugh"]
[Result "1-0"]
[WhiteElo "1700"]
[BlackElo "1700"]
[PlyCount "80"]
[EventDate "1969.05.17"]
[EventType "swiss"]
[EventRounds "6"]
[EventCountry "CAN"]

1. e4 e5 2. Nf3 Nf6 3. Nxe5 d6 4. Nf3 Nxe4 5. Qe2 Qe7 6. d3 Nf6 7. Bg5 Nbd7 8.
Nc3 Qxe2+ 9. Bxe2 c6 10. O-O-O h6 11. Bh4 g5 12. Bg3 Nh5 13. Ne4 Nxg3 14. hxg3
f6 15. Nd4 d5 16. Bh5+ Kd8 17. Ne6+ Ke7 18. N4c5 Nxc5 19. Nxc5 Kd8 20. Nb3 Bd7
21. Rde1 Kc7 22. Re2 Bd6 23. Rhe1 c5 24. d4 b6 25. c3 f5 26. Bf3 Bc6 27. dxc5
bxc5 28. g4 fxg4 29. Bxg4 h5 30. Be6 Kb6 31. Rd1 d4 32. cxd4 cxd4 33. Nxd4 Bxg2
34. f3 Bxf3 35. Nxf3 Bf4+ 36. Kb1 g4 37. Ne5 Rad8 38. Nd7+ Ka6 39. Rd4 Rc8 40.
Bc4+ Ka5 1-0

[Event "Match 3-way"]
[Site "Montreal CAN"]
[Date "1969.04.25"]
[Round "2"]
[White "Agnew, Gerald"]
[Black "Brodie, Hugh"]
[Result "1-0"]
[WhiteElo "1700"]
[BlackElo "1700"]
[PlyCount "87"]
[EventDate "1969.04.25"]
[EventType "tourn"]
[EventCountry "CAN"]

1. d4 d5 2. c4 e6 3. Nc3 Nf6 4. Bg5 Nbd7 5. e3 c6 6. Nf3 Qa5 7. cxd5 Nxd5 8.
Qa4 Qxa4 9. Nxa4 Bb4+ 10. Kd1 h6 11. Bh4 O-O 12. a3 Bd6 13. b4 N5b6 14. Nc5 a5
15. Nxd7 Nxd7 16. b5 c5 17. Bg3 Be7 18. a4 cxd4 19. Nxd4 Nc5 20. Bc4 Ne4 21. f3
Nxg3 22. hxg3 e5 23. Nc2 Bd7 24. Ke2 Rac8 25. Bb3 Rc3 26. Rhd1 Bf5 27. e4 Bxe4
28. Rd7 Rxb3 29. fxe4 Bg5 30. Rad1 Rc8 31. Ne1 Rxg3 32. Rxb7 Re3+ 33. Kf1 Bh4
34. b6 Rxe4 35. Rc7 Rxc7 36. bxc7 Rc4 37. Rd8+ Kh7 38. c8=Q Rxc8 39. Rxc8 e4
40. Ra8 f5 41. Rxa5 f4 42. Re5 e3 43. a5 Bd8 44. a6 1-0

[Event "Match 3-way"]
[Site "Montreal CAN"]
[Date "1969.05.01"]
[Round "3"]
[White "Streit, Howard"]
[Black "Brodie, Hugh"]
[Result "1/2-1/2"]
[WhiteElo "1700"]
[BlackElo "1700"]
[PlyCount "65"]
[EventDate "1969.04.25"]
[EventType "tourn"]
[EventCountry "CAN"]

1. e4 e6 2. d4 d5 3. Nd2 c5 4. exd5 exd5 5. Bb5+ Bd7 6. Qe2+ Qe7 7. Bxd7+ Nxd7
8. dxc5 Qxe2+ 9. Nxe2 Bxc5 10. Nb3 Be7 11. Nc3 Ngf6 12. Be3 Bb4 13. Bd4 O-O 14.
O-O-O Bxc3 15. Bxc3 Nb6 16. f3 Rac8 17. Rhe1 Rfe8 18. Nd4 a6 19. Nf5 Rxe1 20.
Rxe1 Rd8 21. Bxf6 gxf6 22. Re7 Nd7 23. Kd1 b5 24. Nd6 Ne5 25. f4 Rxd6 26. fxe5
fxe5 27. Rxe5 Kg7 28. Rh5 Kg6 29. Rh3 f5 30. Ke2 h5 31. Ke3 Re6+ 32. Kd2 Rd6
33. Ke3 1/2-1/2

[Event "Match #2"]
[Site "Montreal CAN"]
[Date "1969.03.04"]
[Round "1"]
[White "Brodie, Hugh"]
[Black "Agnew, Gerald"]
[Result "0-1"]
[WhiteElo "1700"]
[BlackElo "1700"]
[PlyCount "144"]
[EventDate "1969.03.04"]
[EventType "match"]
[EventRounds "6"]
[EventCountry "CAN"]

1. e4 c5 2. Nf3 e6 3. d4 cxd4 4. Nxd4 a6 5. g3 d5 6. Bg2 dxe4 7. Bxe4 Nf6 8.
Bg2 Bc5 9. Be3 e5 10. Nb3 Qxd1+ 11. Kxd1 Bxe3 12. fxe3 O-O 13. N1d2 Bg4+ 14.
Ke1 Nc6 15. c3 Rac8 16. h3 Be6 17. g4 Bd5 18. Bxd5 Nxd5 19. Ke2 b6 20. Nf3 Rfd8
21. Rad1 Nde7 22. Rxd8+ Rxd8 23. Rd1 Rxd1 24. Kxd1 f5 25. gxf5 Nxf5 26. Ke2 Nd6
27. Nbd2 h6 28. b3 Kf7 29. Kd3 b5 30. Ne4 Nxe4 31. Kxe4 Ke6 32. Nd2 g5 33. c4
h5 34. Kf3 Kf5 35. a3 e4+ 36. Kg3 h4+ 37. Kg2 Ne5 38. c5 g4 39. hxg4+ Nxg4 40.
Nf1 Ne5 41. Kh3 Nd3 42. b4 Ne5 43. Kxh4 Nc4 44. Kg3 Nxa3 45. Kf2 Nc2 46. c6 Ke6
47. c7 Kd7 48. Nd2 Kxc7 49. Nxe4 Nxb4 50. Ke2 a5 51. Kd2 a4 52. Kc1 Nd5 53. Kb2
Nxe3 54. Nc3 Kb6 55. Ka3 Ka5 56. Ne4 Nc4+ 57. Ka2 b4 58. Nc5 Kb5 59. Nd3 Nb6
60. Ne5 Nd5 61. Kb2 Ne3 62. Nd3 Ng4 63. Kc2 Ne3+ 64. Kb2 Nc4+ 65. Ka2 b3+ 66.
Kb1 a3 67. Ka1 Ne3 68. Kb1 Nc2 69. Nc1 Kc4 70. Na2 bxa2+ 71. Kxa2 Kb4 72. Kb1
Kb3 0-1

[Event "Match #2"]
[Site "Montreal CAN"]
[Date "1969.03.11"]
[Round "2"]
[White "Agnew, Gerald"]
[Black "Brodie, Hugh"]
[Result "1-0"]
[WhiteElo "1700"]
[BlackElo "1700"]
[PlyCount "113"]
[EventDate "1969.03.04"]
[EventType "match"]
[EventRounds "6"]
[EventCountry "CAN"]

1. e4 e5 2. Nf3 Nc6 3. Bb5 a6 4. Ba4 Nf6 5. O-O Nxe4 6. d4 b5 7. Bb3 exd4 8.
Re1 d5 9. Ng5 Be7 10. Rxe4 dxe4 11. Nxf7 Qd7 12. Nxh8 Qf5 13. c3 d3 14. Be3 Ne5
15. Nd2 Bd7 16. Bd5 Bc6 17. Bxc6+ Nxc6 18. Nxe4 Qxe4 19. Qh5+ Kd7 20. Nf7 Rf8
21. Ng5 Qf5 22. Qh3 h6 23. Qxf5+ Rxf5 24. Nf3 Ne5 25. Nxe5+ Rxe5 26. b4 c5 27.
bxc5 Bxc5 28. Rd1 Bxe3 29. Rxd3+ Kc6 30. fxe3 Kc5 31. Kf2 Kc4 32. Ke2 a5 33.
Kd2 Rf5 34. Rd4+ Kc5 35. Rf4 Rd5+ 36. Kc2 b4 37. Rd4 Rf5 38. cxb4+ axb4 39. Kd3
Rf2 40. Rc4+ Kb5 41. Rc2 Rf6 42. e4 Rd6+ 43. Ke3 Re6 44. Kd4 Ka5 45. e5 Re8 46.
Kd5 Rd8+ 47. Ke6 Rb8 48. Kd7 Rb7+ 49. Rc7 Rb5 50. Kc6 Rb6+ 51. Kd5 Rb8 52. e6
Kb6 53. Kd6 Ra8 54. e7 Rxa2 55. Rc6+ Kb7 56. e8=Q Rd2+ 57. Kc5 1-0

[Event "Match #2"]
[Site "Montreal CAN"]
[Date "1969.03.21"]
[Round "3"]
[White "Brodie, Hugh"]
[Black "Agnew, Gerald"]
[Result "1/2-1/2"]
[WhiteElo "1700"]
[BlackElo "1700"]
[PlyCount "62"]
[EventDate "1969.03.04"]
[EventType "match"]
[EventRounds "6"]
[EventCountry "CAN"]

1. e4 c5 2. d4 cxd4 3. c3 dxc3 4. Nxc3 Nc6 5. Nf3 e6 6. Bc4 Bb4 7. O-O Bxc3 8.
bxc3 Nge7 9. Qe2 Qc7 10. Bb3 O-O 11. Rd1 Rd8 12. Ba3 d6 13. Rd2 Na5 14. c4 Nxb3
15. axb3 b5 16. cxb5 Qc3 17. Qd1 Bb7 18. Rc1 Qa5 19. Bxd6 Ng6 20. Qe2 Rac8 21.
Rcd1 h6 22. b4 Qb6 23. Bc5 Rxd2 24. Rxd2 Qc7 25. h3 Ra8 26. Qe3 a5 27. b6 Qc6
28. Rd6 Qb5 29. bxa5 Rxa5 30. Bd4 Qb1+ 31. Kh2 Qc2 1/2-1/2

[Event "Match #2"]
[Site "Montreal CAN"]
[Date "1969.03.28"]
[Round "4"]
[White "Agnew, Gerald"]
[Black "Brodie, Hugh"]
[Result "1-0"]
[WhiteElo "1700"]
[BlackElo "1700"]
[PlyCount "42"]
[EventDate "1969.03.04"]
[EventType "match"]
[EventRounds "6"]
[EventCountry "CAN"]

1. d4 d5 2. c4 c6 3. Nf3 Nf6 4. Nc3 dxc4 5. a4 Bf5 6. e3 e6 7. Bxc4 Bb4 8. O-O
O-O 9. Ne2 Nbd7 10. Ng3 Bg4 11. Bd2 Bxf3 12. gxf3 Bxd2 13. Qxd2 e5 14. d5 Nb6
15. Bb3 Nbxd5 16. Nf5 Qc7 17. e4 Nf4 18. Qd6 Qxd6 19. Nxd6 Ne2+ 20. Kh1 Nd4 21.
Bxf7+ Kh8 1-0

[Event "Match #2"]
[Site "Montreal CAN"]
[Date "1969.04.04"]
[Round "5"]
[White "Brodie, Hugh"]
[Black "Agnew, Gerald"]
[Result "1-0"]
[WhiteElo "1700"]
[BlackElo "1700"]
[PlyCount "93"]
[EventDate "1969.03.04"]
[EventType "match"]
[EventRounds "6"]
[EventCountry "CAN"]

1. e4 c5 2. Nc3 Nc6 3. g3 d6 4. Bg2 g6 5. d3 Bg7 6. f4 e5 7. Nf3 Bg4 8. h3 Bxf3
9. Bxf3 Nd4 10. O-O Nxf3+ 11. Qxf3 Qd7 12. g4 h5 13. f5 hxg4 14. hxg4 gxf5 15.
gxf5 Qe7 16. Qg3 Qh4 17. Qxh4 Rxh4 18. Kg2 Kd7 19. Rh1 Rxh1 20. Kxh1 Nf6 21.
Kg2 Rg8 22. Kf3 Rh8 23. Kg2 Bh6 24. Bxh6 Rxh6 25. Rg1 Rh8 26. Kf3 Rg8 27. Rxg8
Nxg8 28. Nd5 b5 29. a3 Ne7 30. Nf6+ Kc6 31. c4 a5 32. b3 a4 33. bxa4 b4 34.
axb4 cxb4 35. Ke2 Kb6 36. Kd2 Ka5 37. Kc2 Kxa4 38. Kb2 b3 39. Ne8 Nc6 40. Nxd6
Nb4 41. Nxf7 Nxd3+ 42. Kb1 Ka3 43. Nd6 b2 44. f6 Nc1 45. f7 Na2 46. Nb5+ Kb3
47. f8=Q 1-0

[Event "Match #2"]
[Site "Montreal CAN"]
[Date "1969.04.10"]
[Round "6"]
[White "Agnew, Gerald"]
[Black "Brodie, Hugh"]
[Result "0-1"]
[WhiteElo "1700"]
[BlackElo "1700"]
[PlyCount "100"]
[EventDate "1969.03.04"]
[EventType "match"]
[EventRounds "6"]
[EventCountry "CAN"]

1. d4 d5 2. c4 c6 3. Nf3 Nf6 4. Nc3 dxc4 5. a4 Bf5 6. e3 e6 7. Bxc4 Bb4 8. O-O
Nbd7 9. Ne2 Qc7 10. Ng3 Bg6 11. Bd2 Bxd2 12. Qxd2 Ne4 13. Nxe4 Bxe4 14. Ng5 Bd5
15. Bxd5 exd5 16. a5 h6 17. Nf3 O-O 18. Rfc1 Nf6 19. Qd3 a6 20. b4 Qd6 21. Qd2
Ne4 22. Qe1 Rfe8 23. Ne5 Re6 24. Nd3 Rae8 25. Nc5 Nxc5 26. bxc5 Qc7 27. Rab1
Re4 28. g3 Rxd4 29. exd4 Rxe1+ 30. Rxe1 Qxa5 31. Re8+ Kh7 32. Rxb7 Qa1+ 33. Kg2
Qxd4 34. Ree7 Qxc5 35. Rxf7 Qc3 36. h4 a5 37. h5 a4 38. Rf8 Qe5 39. g4 Qe4+ 40.
Kg3 Qe5+ 41. Kg2 Qg5 42. f3 Qd2+ 43. Kh3 Qe1 44. Rbb8 Qf1+ 45. Kg3 Qg1+ 46. Kf4
Qc1+ 47. Kf5 Qg5+ 48. Ke6 Qe3+ 49. Kd6 Qa3+ 50. Kd7 g6 0-1

[Event "Carnaval"]
[Site "Quebec CAN"]
[Date "1969.02.14"]
[Round "1"]
[White "Brodie, Hugh"]
[Black "Coudari, Camille"]
[Result "0-1"]
[WhiteElo "1700"]
[BlackElo "2300"]
[PlyCount "60"]
[EventDate "1969.02.14"]
[EventType "swiss"]
[EventRounds "5"]
[EventCountry "CAN"]

1. Nf3 g6 2. g3 Bg7 3. Bg2 e5 4. d3 Ne7 5. c4 d6 6. Nc3 h6 7. Rb1 Be6 8. b4 Nd7
9. Bb2 f5 10. Qc2 Qc8 11. h3 Nf6 12. a3 O-O 13. Nd2 g5 14. O-O Ng6 15. Rbc1 c6
16. b5 Rb8 17. a4 Qd7 18. Ba3 e4 19. d4 Rfc8 20. e3 d5 21. bxc6 bxc6 22. c5 f4
23. g4 Nh4 24. Rfe1 Bxg4 25. Kh2 Nxg2 26. Kxg2 Bxh3+ 27. Kh2 Qg4 28. Rg1 Qh5
29. Rge1 Bg2+ 30. Kxg2 f3+ 0-1

[Event "Carnaval"]
[Site "Quebec CAN"]
[Date "1969.02.15"]
[Round "2"]
[White "Heinoo, Risto"]
[Black "Brodie, Hugh"]
[Result "1-0"]
[WhiteElo "1600"]
[BlackElo "1700"]
[PlyCount "83"]
[EventDate "1969.02.14"]
[EventType "swiss"]
[EventRounds "5"]
[EventCountry "CAN"]

1. d4 Nf6 2. c4 c5 3. d5 e6 4. Nc3 exd5 5. cxd5 d6 6. e4 g6 7. Nf3 Bg7 8. Bd3
O-O 9. O-O Na6 10. a3 Nc7 11. Qc2 a6 12. Nd2 b5 13. f4 Nfe8 14. Nf3 c4 15. Be2
f5 16. e5 dxe5 17. Nxe5 Nf6 18. Bf3 Qd6 19. Rd1 Nd7 20. Nxd7 Bxd7 21. Be3 Rae8
22. Qf2 Rf7 23. g3 Rc8 24. Bc5 Qf6 25. Bd4 Qd6 26. Re1 Re8 27. Rxe8+ Bxe8 28.
Bc5 Qd8 29. Re1 Bf8 30. Bxf8 Kxf8 31. Qc5+ Kg7 32. d6 Na8 33. Nd5 Rd7 34. Qd4+
Kf7 35. Re7+ Rxe7 36. dxe7 Qd6 37. Qh8 Ke6 38. Qxe8 Qc5+ 39. Kg2 Nc7 40. Qg8+
Kd6 41. Qd8+ Ke6 42. Nxc7+ 1-0

[Event "Carnaval"]
[Site "Quebec CAN"]
[Date "1969.02.15"]
[Round "3"]
[White "Kaminski, Serge"]
[Black "Brodie, Hugh"]
[Result "1/2-1/2"]
[WhiteElo "1600"]
[BlackElo "1700"]
[PlyCount "102"]
[EventDate "1969.02.14"]
[EventType "swiss"]
[EventRounds "5"]
[EventCountry "CAN"]

1. c4 g6 2. Nc3 Bg7 3. d4 c5 4. d5 e6 5. e4 exd5 6. cxd5 d6 7. f4 Nf6 8. Bb5+
Nfd7 9. Nf3 O-O 10. O-O a6 11. Ba4 b5 12. Bc2 c4 13. Bd2 Nc5 14. Rb1 Nbd7 15.
a3 Qb6 16. Kh1 a5 17. b4 axb4 18. axb4 Na6 19. Qe2 Bb7 20. Be3 Qd8 21. Nxb5 Nb6
22. Qd2 Nc8 23. Rfc1 Nc7 24. Nxc7 Qxc7 25. Bb3 c3 26. Bd4 Ra3 27. Rxc3 Qe7 28.
Bxg7 Kxg7 29. Qd4+ Kg8 30. Bc2 Rxc3 31. Qxc3 Nb6 32. Bd3 Rc8 33. Qb3 Qf6 34. g3
Rc3 35. Qd1 Qd8 36. Rc1 Qc7 37. Rxc3 Qxc3 38. Qc2 Qxb4 39. Kg2 Na4 40. Qb1 Nb2
41. Be2 h6 42. Qc2 Qb6 43. Nd2 Qe3 44. Nc4 Nxc4 45. Qxc4 Qb6 46. e5 Qb2 47.
exd6 Bxd5+ 48. Qxd5 Qxe2+ 49. Kh3 g5 50. fxg5 Qh5+ 51. Kg2 Qe2+ 1/2-1/2